000 00624cam a2200145 4500500
005 20251228082843.0
041 _afre
042 _adc
100 1 0 _aArnould, Jean-Claude
_eauthor
245 0 0 _aGiovanna Devincenzo, Marie de Gournay. Un cas littéraire, Biblioteca della Ricerca, Mentalità e scrittura, Schena editore - Presses de l’Université de Paris-Sorbonne, 2002, 350 p.
260 _c2004.
500 _a91
786 0 _nDix-septième siècle | 224 | 3 | 2004-09-01 | p. 505j-539j | 0012-4273
856 4 1 _uhttps://shs.cairn.info/revue-dix-septieme-siecle-2004-3-page-505j?lang=fr&redirect-ssocas=7080
999 _c1599952
_d1599952